000 00705nam a22001937a 4500
005 20250827062519.0
999 _c19376
_d19376
008 240227b ||||| |||| 00| 0 eng d
020 _a9781119877042
082 _aDC 370
_bR390 2023
100 _aRichards, Theodore,
_eauthor.
_953416
245 _aReimagining the classroom :
_bcreating new learning spaces and connecting with the world /
_cTheodore Richards.
250 _aFirst edition.
260 _aHoboken, NJ :
_bJossey-Bass,
_c©2023.
300 _ax, 193 pages :
_billustrations ;
_c23 cm.
500 _aIncludes bibliography, references, and index.
650 _aEducation
_xAims and objectives.
_944794
650 0 _aEducational change.
_913254
942 _2ddc
_cDC